| 000 | 00561nam a2200193 a 4500 | ||
|---|---|---|---|
| 005 | 20240910064216.0 | ||
| 008 | 030623s1976 mx r 000 0 spa d | ||
| 035 | _aUPN01000126624 | ||
| 049 | _aSEP | ||
| 050 | 4 |
_aAC75 _bS4 no.297 |
|
| 100 | 1 | _aBrüggemann, Jürgen Kurt | |
| 245 | 1 | 0 |
_a¿Evolución o revolución? : _bensayos de antropología / _cJürgen K. Brüggemann. |
| 260 |
_aMéxico : _bSEP _c1976. |
||
| 300 |
_a167 p. : _bil. |
||
| 440 | 0 |
_aSepSetentas ; _v297 |
|
| 650 | 2 |
_aAntropología _94499 |
|
| 650 | 4 |
_aEVOLUCION HUMANA _96969 |
|
| 905 | _aLibro | ||
| 999 |
_c98803 _d98803 |
||